| 000 | 00912nam0a22002651 4500 | ||
|---|---|---|---|
| 001 | rc\318745 | ||
| 005 | 20260416130128.0 | ||
| 035 | _a(NLR Aleph) 005553468 | ||
| 090 |
_a5835362 _c5835362 |
||
| 100 | _a20030307d1990 u y0rusy50 ca | ||
| 101 | 0 | _arus | |
| 102 | _aRU | ||
| 105 | _ay ||||||||| | ||
| 200 | 1 |
_aРеализация управленческих решений в органах внутренних дел _eЛекция _fАкад. МВД СССР |
|
| 210 |
_aМ. _cБ. и. _d1990 |
||
| 215 |
_a18 с. _d20 |
||
| 333 | _aДСП. Экз. № 000006 | ||
| 700 | 1 |
_aИванов _bН.Н. _gНиколай Николаевич |
|
| 701 | 1 |
_7ca _8rus _aМалюткин _bВ. А. _f1935-2018 _gВалентин Алексеевич _9153278 _3RU\NLR\AUTH\770153316 |
|
| 801 | 0 |
_aRU _bNLR _gpsbo |
|
| 801 | 1 |
_aRU _bELAR _2rusmarc |
|
| 852 |
_aNLR _j91-50К/555 |
||
| 942 | _cBOOK | ||
| 980 | _aNB | ||